000 00435pab a2200157 454500
008 180718b2002 xxu||||| |||| 00| 0 eng d
100 _aDugabi, Edward A.
245 _aMaking Decentralization work: Uganda country paper
260 _c2002
300 _ap.39-52.
362 _aJan-Oct
650 _aDecentralization - Uganda
650 _aDecentralization
773 _aPhilippine Journal of Public Administration
909 _a71403
999 _c71403
_d71403